000 00943nam a2200289 i 4500
003 EG-GICUC
005 20260426100928.0
008 1972 b fr ||||fr|||| 00| 0 fre d
040 _aEG-GiCUC
_bfre
_cEG-GiCUC
_dEG-GiCUC
_eRda
082 0 4 _221
_a343.5
_bPD . M
092 0 4 _221
099 _aLAW 1 10 343.5 PD . M 1972
100 1 _aMahmoud M. Mostafa
_q Marc Ancel
_ePrésident
245 _aPrincipes de droit pénal des pays arabes
_cMahmoud M. Mostafa
264 _aParis :
_bPrincipes de droit pénal des pays arabes,
_c1972.
300 _a page : 190
_billustration ;
_c 24 cm.
336 _2rda contenu
_a texte
337 _2rda medias
_aOrdinateur
338 _2 transporteur rda
_a Ressource en ligne
546 _aTexte en français
650 1 _2qrmak
651 1 _2qrmak
700 1 _aMahmoud M. Mostafa
856 4 0 _uhttps://fll.law.cu.edu.eg/fulltext/bks/لا10-10806.pdf
905 _a157
942 _2ddc
_cBK
_e21
_n0
999 _c73427
_d73427